<?xml version="1.0" encoding="UTF-8"?>
<record
    xmlns:xsi="http://www.w3.org/2001/XMLSchema-instance"
    xsi:schemaLocation="http://www.loc.gov/MARC21/slim http://www.loc.gov/standards/marcxml/schema/MARC21slim.xsd"
    xmlns="http://www.loc.gov/MARC21/slim">

  <leader>02209nam a22001697a 4500</leader>
  <controlfield tag="003">IT-RoPau</controlfield>
  <controlfield tag="005">20220918181220.0</controlfield>
  <controlfield tag="008">140428b        xxu||||| |||| 00| 0 eng d</controlfield>
  <datafield tag="040" ind1=" " ind2=" ">
    <subfield code="c">IT-RoPau</subfield>
  </datafield>
  <datafield tag="100" ind1=" " ind2=" ">
    <subfield code="a">Figlie di San Paolo</subfield>
    <subfield code="9">22644</subfield>
  </datafield>
  <datafield tag="245" ind1=" " ind2=" ">
    <subfield code="a">Informazione. Figlie di San Paolo dal 1988 al 1992</subfield>
  </datafield>
  <datafield tag="260" ind1=" " ind2=" ">
    <subfield code="a">Roma</subfield>
    <subfield code="b">Casa Generalizia FSP</subfield>
  </datafield>
  <datafield tag="300" ind1=" " ind2=" ">
    <subfield code="a">35 cm</subfield>
    <subfield code="c">36 pp.</subfield>
  </datafield>
  <datafield tag="490" ind1=" " ind2=" ">
    <subfield code="a">Informazione, Figlie di San Paolo dal 1988 al 1992</subfield>
  </datafield>
  <datafield tag="520" ind1=" " ind2=" ">
    <subfield code="a">Indice

Anno 55
Informazione fsp - n. 496 - gennaio 1988
Informazione fsp - n 497 - febbraio/marzo 1988
Informazione fsp - n. 498 - aprile 1988
Informazione fsp - n. 499 - Maggio 1988
Informazione fsp - n. 500 - Giugno 1988
Informazione fsp - n. 501 - Luglio/agosto 1988
Informazione fsp - n. 502 - Settembre 1988
Informazione fsp - n. 503 - Ottobre/Novembre 1988
Informazione fsp - n. 504 - Dicembre 1988

Anno 56
Informazione fsp - n. 505 - Gennaio 1989
Informazione fsp - n. 506 - Febbraio 1989
Informazione fsp - n.507 - Marzo/Aprile 1989
Informazione fsp - n. 508 - Maggio 1988
Informazione fsp - n. 509 - Giugno 1989
Informazione fsp - n. 510 - Luglio 1989
Informazione fsp - n. 511 - Agosto 1989
Informazione fsp - n. 512 - Novembre/Dicembre 1989

Anno 57
Informazione fsp - n. 1 - Gennaio-febbraio 1990
Informazione fsp - n. 2 - Marzo-aprile 1990
Informazione fsp - Numero speciale 15 giugno 1990
Informazione fsp - n. 3 - Maggio-giugno 1990
Informazione fsp - n. 4 - Luglio-agosto 1990
Informazione fsp - n. 5 - Settembre-ottobre 1990

Anno 58
Informazione fsp - n. 1 - n. 519 - Gennaio-febbraio 1991
Informazione fsp - n. 2 - n. 520 - Marzo-aprile 1991
Informazione fsp - n. 3 - n. 521 - Maggio-giugno 1991
Informazione fsp - n. 4 - n. 522 - Luglio-agosto 1991
Informazione fsp - n. 5 - n. 523 - Settembre-ottobre 1991
Informazione fsp - n. 6 - n. 524 - Novembre-dicembre 1991

Anno 59
Informazione fsp - n. 1 - n. 525 - Gennaio-febbraio 1992
Informazione fsp - n. 2 - n. 526 - Marzo-aprile 1992
Informazione fsp - n. 3 - n. 527 - Maggio-giugno 1992
Informazione fsp - n. 4 - n. 528 - Luglio-agosto 1992
Informazione fsp - n. 5 - n. 529 - Settembre-ottobre 1992
Informazione fsp - n. 6 - n. 530 - Novembre-dicembre 1992  

</subfield>
  </datafield>
  <datafield tag="942" ind1=" " ind2=" ">
    <subfield code="2">ddc</subfield>
    <subfield code="c">BK</subfield>
  </datafield>
  <datafield tag="999" ind1=" " ind2=" ">
    <subfield code="c">104323</subfield>
    <subfield code="d">104323</subfield>
  </datafield>
  <datafield tag="952" ind1=" " ind2=" ">
    <subfield code="0">0</subfield>
    <subfield code="1">0</subfield>
    <subfield code="2">ddc</subfield>
    <subfield code="4">0</subfield>
    <subfield code="6">P_D5</subfield>
    <subfield code="7">1</subfield>
    <subfield code="a">PAULUS</subfield>
    <subfield code="b">PAULUS</subfield>
    <subfield code="d">2014-04-28</subfield>
    <subfield code="l">0</subfield>
    <subfield code="o">P D5</subfield>
    <subfield code="r">2014-04-28 00:00:00</subfield>
    <subfield code="w">2014-04-28</subfield>
    <subfield code="y">BK</subfield>
  </datafield>
</record>
